<?xml version="1.0" encoding="UTF-8"?>
<record
    xmlns:xsi="http://www.w3.org/2001/XMLSchema-instance"
    xsi:schemaLocation="http://www.loc.gov/MARC21/slim http://www.loc.gov/standards/marcxml/schema/MARC21slim.xsd"
    xmlns="http://www.loc.gov/MARC21/slim">

  <leader>007980000a22001930004500</leader>
  <controlfield tag="003">LK-CoMWRAF</controlfield>
  <controlfield tag="005">20231201122605.0</controlfield>
  <controlfield tag="008">230817t           ||||| |||| 00| 0 eng d</controlfield>
  <datafield tag="040" ind1=" " ind2=" ">
    <subfield code="a">LK-CoMWRAF</subfield>
    <subfield code="d">LK-CoMWRAF</subfield>
    <subfield code="e">LK-CoMWRAF</subfield>
  </datafield>
  <datafield tag="041" ind1=" " ind2=" ">
    <subfield code="a">eng</subfield>
  </datafield>
  <datafield tag="082" ind1=" " ind2=" ">
    <subfield code="a">294.382</subfield>
    <subfield code="b">HEW</subfield>
  </datafield>
  <datafield tag="245" ind1=" " ind2=" ">
    <subfield code="a">&#xDB0;&#xDB8;&#xDCA;&#xDB8;&#xDB4;&#xDAF;&#xDBA; :</subfield>
    <subfield code="b">&#xDB4;&#xDCF;&#xDBD;&#xDD2;-&#xDC3;&#xDD2;&#xD82;&#xDC4;&#xDBD;-&#xDAF;&#xDD9;&#xDB8;&#xDC5;-&#xD89;&#xD82;&#xD9C;&#xDCA;&#x200D;&#xDBB;&#xDD3;&#xDC3;&#xDD2; &#xDC3;&#xD82;&#xDC3;&#xDCA;&#xD9A;&#xDBB;&#xDAB;&#xDBA;</subfield>
  </datafield>
  <datafield tag="246" ind1=" " ind2=" ">
    <subfield code="a">Dhammapadaya : Paali - sinhala - demala - ingreesi sanskaranaya</subfield>
  </datafield>
  <datafield tag="260" ind1=" " ind2=" ">
    <subfield code="a">&#xD9A;&#xDDC;&#xDC5;&#xDB9; :</subfield>
    <subfield code="b">&#xDC3;&#xDB8;&#xDCF;&#xDA2; - &#xDC3;&#xD82;&#xDC3;&#xDCA;&#xD9A;&#xDD8;&#xDAD;&#xDD2;&#xD9A; &#xD92;&#xD9A;&#xDCF;&#xDB6;&#xDAF;&#xDCA;&#xDB0;&#xDAD;&#xDCF; &#xD85;&#xDB8;&#xDCF;&#xDAD;&#xDCA;&#x200D;&#xDBA;&#xDCF;&#xD82;&#xDC1;&#xDBA;</subfield>
    <subfield code="c">1994</subfield>
  </datafield>
  <datafield tag="300" ind1=" " ind2=" ">
    <subfield code="a">&#xDB4;&#xDD2;. 250</subfield>
  </datafield>
  <datafield tag="650" ind1=" " ind2=" ">
    <subfield code="a">&#xDB6;&#xDD4;&#xDAF;&#xDCA;&#xDB0;&#xDCF;&#xD9C;&#xDB8;-&#xDB0;&#xDB8;&#xDCA;&#xDB8;&#xDB4;&#xDAF;&#xDBA;</subfield>
  </datafield>
  <datafield tag="700" ind1=" " ind2=" ">
    <subfield code="a">&#xDC4;&#xDDA;&#xDC0;&#xDCF;&#xDB8;&#xDAF;&#xDCA;&#xDAF;&#xDD4;&#xDB8;, &#xD85;&#xDB8;&#xDBB;</subfield>
    <subfield code="e">trans.</subfield>
    <subfield code="e">ed.</subfield>
  </datafield>
  <datafield tag="942" ind1=" " ind2=" ">
    <subfield code="c">BK</subfield>
  </datafield>
  <datafield tag="952" ind1=" " ind2=" ">
    <subfield code="0">0</subfield>
    <subfield code="1">0</subfield>
    <subfield code="4">0</subfield>
    <subfield code="7">0</subfield>
    <subfield code="a">MAIN</subfield>
    <subfield code="b">MAIN</subfield>
    <subfield code="d">2023-08-17</subfield>
    <subfield code="l">0</subfield>
    <subfield code="o">297.382 HEW</subfield>
    <subfield code="p">RAF1322</subfield>
    <subfield code="r">2023-08-17</subfield>
    <subfield code="w">2023-08-17</subfield>
    <subfield code="y">BK</subfield>
  </datafield>
  <datafield tag="999" ind1=" " ind2=" ">
    <subfield code="c">1350</subfield>
    <subfield code="d">1350</subfield>
  </datafield>
</record>
